000 00950cam a22002653a 4500
001 41119
003 PGUSA
005 20140828083927.0
008 121021s2012||||xxu|||||s|||||000 1 eng d
040 _aPGUSA
_beng
042 _adc
050 4 _aPG
100 1 _aTolstoy, Leo, graf,
_d1828-1910
245 1 2 _aA Russian Proprietor, and other stories
_h[electronic resource] /
_cLeo, graf Tolstoy
260 _bProject Gutenberg,
_c2012
505 0 _aA Russian proprietor -- Lucerne -- Recollections of a scorer -- Albert -- Two hussars -- Three deaths -- A prisoner in the Caucasus.
506 _aPublic domain in the USA.
516 _aElectronic text
653 _aTolstoy, Leo, graf, 1828-1910 -- Translations into English
653 _aRussia -- Social life and customs -- Fiction
700 1 _aDole, Nathan Haskell,
_d1852-1935
830 0 _aProject Gutenberg
_v41119
856 4 0 _uhttp://www.gutenberg.org/ebooks/41119
942 _cEB
999 _c270371
_d270371